Hawaii islands - Statistics

General Stats
  • This quiz has been taken 14 times
  • The average score is 6 of 8
Answer Stats
Answer % Correct
Maui
100%
Hawai’i
92%
O’ahu
85%
Kaua’i
77%
Moloka’i
62%
Lāna’i
54%
Ni’ihau
54%
Kaho’olawe
38%
No matching quizzes found
Score Distribution
Percent of People with Each Score
Percentile by Number Answered
Your Score History
You have not taken this quiz